000 00464cam a2200145 a 4500
020 _a0897893484 (pb : alk. paper) :
_c1465
050 0 0 _aRG852
_b.M33 1994
100 1 _aMadsen, Lynn.
245 1 0 _aRebounding from childbirth :
_btoward emotional recovery /
_cLynn Madsen.
260 _aWestport, Conn. :
_bBergin & Garvey,
_c1994.
300 _axxi, 166 p. ;
650 0 _xComplications
_xPsychological aspects.
650 0 _xPsychological aspects.
942 _2lcc
_cGEN
999 _c4237
_d4237